000
00260nam a22000977a 4500
100
_a
Chand,Tek
_9
80145
245
_a
Intellectual Directory Spoken English (usage & Practics)
260
_a
Delhi
_b
Navodya Sales
_c
2018
650
_a
Spoken Eng.
_9
80146
942
_c
BK
999
_c
63604
_d
63604